000 00404 a2200157 4500
999 _c321337
_d321337
001 86264
003 NUST
005 20180122103200.0
008 180122b xxu||||| |||| 00| 0 eng d
020 _a9786969645179
082 _a954.91053 MAN
100 _aManzar Zaidi
_99456
245 _aInsights on insecurity in Pakistan
_cManzar Zaidi
_hEnglish
250 _a1st
260 _aIslamabad
_bNarratives
_c2012
300 _a170 p.
500 _aGeneral Collection
942 _aCAE NUST
_cBK
_k954.91053 MAN
_2ddc